MARC

LEADER 00000nam0a2200000 4500
001 252109
005 20231101232722.0
010 |a 5335003243 
020 |a RU  |b 89-32490 
035 |a (RuTPU)RU\TPU\book\274430 
090 |a 252109 
100 |a 20140227d1989 k y0rusy5003 ca 
101 0 |a rus 
102 |a UA 
105 |a a z 001zy 
200 1 |a Фильтры СВЧ на диэлектрических резонаторах  |f Ю. М. Безбородов, Т. Н. Нарытник, В. Б. Федоров 
210 |a Киев  |c Тэхника  |d 1989 
215 |a 184 с.  |c ил. 
320 |a Библиогр.: с. 179-183 (112 назв.). 
606 1 |a Фильтры радиоволн сверхвысокочастотные  |2 stltpush  |3 (RuTPU)RU\TPU\subj\63944  |9 80875 
610 1 |a диэлектрические резонаторы 
610 1 |a материалы 
610 1 |a конструкции 
610 1 |a построение 
610 1 |a характеристики 
610 1 |a колебательные системы 
610 1 |a частотно-избирательные устройства 
610 1 |a реализация 
610 1 |a устройства 
610 1 |a сверхвысокочастотные устройства 
610 1 |a СВЧ 
675 |a 621.372.54  |z rus  |v 3 
700 1 |a Безбородов  |b Ю. М.  |g Юрий Максимович 
701 1 |a Нарытник  |b Т. Н.  |g Теодор Николаевич 
701 1 |a Федоров  |b В. Б.  |g Владимир Борисович 
801 0 |a RU  |b RuMRKP  |c 19950417  |g psbo 
801 1 |a RU  |b 63413507  |c 20140227 
801 2 |a RU  |b 63413507  |c 20150916  |g RCR 
942 |c BK